Leyes hipotecarias

Guardat en:
Dades bibliogràfiques
Autors principals: Gómez Laplaza, María del Carmen (Autor), Díez García, Helena (Autor)
Format: Llibre
Idioma:espanyol
Publicat: Pamplona Aranzadi 1998
Matèries:
Etiquetes: Afegir etiqueta
Sense etiquetes, Sigues el primer a etiquetar aquest registre!

MARC

LEADER 00000nam a2200000 a 4500
001 UCP3462
003 CL-VaPUC
008 990625e19980000SP |||||||||||||||||spa|d
082 0 4 |a 346.074  |b GOM  |2 21 
100 |a Gómez Laplaza, María del Carmen  |e author  |9 400414 
700 0 |a Díez García, Helena  |e author  |9 430741 
245 1 0 |a Leyes hipotecarias 
300 |a 721 p 
942 |c BK 
945 |d 19990625 00:00:00  |a vberengu 
260 |a Pamplona  |b Aranzadi  |c 1998 
650 0 |a Hipoteca  |9 255780 
650 7 |a LEGISLACION  |2 CL-VaPUC  |9 430742 
650 0 |a Bienes muebles   |9 380927 
650 7 |a HIPOTECA NAVAL  |2 CL-VaPUC  |9 430743 
650 7 |a REGISTRO MERCANTIL  |2 CL-VaPUC  |9 430744 
650 0 |a Derecho mercantil  |9 371888 
583 |a last modification  |c 20130608 01:31:04  |k Rodrigo Vera 
999 |c 281778  |d 281776 
952 |0 0  |1 0  |4 0  |6 346_074000000000000_GOM_1998  |7 0  |8 A  |9 322764  |a BIBDER  |b BIBDER  |d 2019-11-20  |i 3489531  |o 346.074 GOM 1998  |p 3489531  |r 2023-01-25  |w 2019-11-20  |y BK  |k DER